000 00771nac a22002051u 4500
010 _a 94069919
020 _a0412586800 (pbk.)
082 _a005.10685
_bFEN
090 _c6038
_d6038
100 _aFenton, N.
245 1 0 _aSoftware quality assurance and measurement :
_ba worldwide perspective /
_cN. Fenton.
260 _aNew York, NY :
_bChapman & Hall,c.1995.
_cc.1995.
300 _ap.
_ccm.
440 0 _aChapman & Hall computer science: research & practice series ;
_v3
500 _aDistributer: Al-Ahram.
511 _aCatalogued By: Mahitab.
610 _aComputer software--Quality control.
942 _cBB
_k005.10685FEN
999 _c6038
_d6038